000 01234cam a22003737a 4500
001 4247
003 FISKH
005 20240710112920.0
008 130920s2013 nyua j 000 1 eng d
010 _a 2012286554
020 _a9780545476690
020 _a9780545476690
020 _a0545476690
035 _a(OCoLC)ocn830877958
040 _aCS2
_beng
_cCS2
_dOCLCO
_dOCLCQ
_dTXI
_dBDX
_dDLC
050 _aPZ7.T3
082 _a478
100 1 _aThaler, Mike,
_d1936-
245 1 0 _aEarth Day from the Black Lagoon /
_cby Mike Thaler ; illustrated by Jared Lee.
260 _aNew York :
_bScholastic,
_c2013.
300 _a64 pages :
_billustrations ;
_c20 cm
490 1 _aBlack Lagoon adventures ;
_vBook 23
505 _aM
520 _a"There's an Earth Day celebration in store for Mrs. Green's class, and her students are working on important reports."--Publisher website.
521 _a560
_bLexile
521 _aM
_bRaz-Plus
650 0 _aPollution
_vJuvenile fiction.
650 0 _aSchools
_vJuvenile fiction.
650 0 _aEarth Day
_vJuvenile fiction.
700 1 _aLee, Jared D.,
_eillustrations
906 _a7
_bcbc
_ccopycat
_d2
_encip
_f20
_gy-gencatlg
942 _2ddc
_cBK
_n0
999 _c4247
_d4247